Normal view
MARC view
Entry Personal Name
001 - CONTROL NUMBER
- control field: 7206
003 - CONTROL NUMBER IDENTIFIER
- control field: BD-RjUL
005 - DATE AND TIME OF LATEST TRANSACTION
- control field: 20230322173156.0
008 - FIXED-LENGTH DATA ELEMENTS
- fixed length control field: 230322|| aca||aabn | a|a d
040 ## - CATALOGING SOURCE
- Original cataloging agency: BD-RjUL
- Transcribing agency: BD-RjUL
100 ## - HEADING--PERSONAL NAME
- Personal name: Mohanta, Moni, Krishno, Co-Supervisor
670 ## - SOURCE DATA FOUND
- Source citation: Work cat.: (BD-RjUL)81304: Rahman, Sk. Md. Atiqur 7205, Bioremediation of textile effluent dyes by indigenous bacteria / , 2019